Toronto Blue Jays All-Time Team - Statistics

General Stats
  • This quiz has been taken 68 times
  • The average score is 5 of 10
Answer Stats
Nickname Player % Correct
Starting Pitcher Roy Halladay
78%
First Base Carlos Delgado
70%
Shortstop Tony Fernandez
68%
Second Base Roberto Alomar
67%
Third Base Josh Donaldson
65%
Right Field Joe Carter
43%
Left Field Jose Bautista
38%
Center Field George Bell
20%
Catcher Danny Jansen
2%
Relief Pitcher Tom Henke
2%
No matching quizzes found
Score Distribution
Percent of People with Each Score
Percentile by Number Answered
Your Score History
You have not taken this quiz